[Event "2BLO 2122 SG 1871 Löberitz - Erfurter "]
[Site "?"]
[Date "2022.06.19"]
[Round "8.1"]
[White "Mihok, Oliver"]
[Black "Pallas, Sebastian"]
[Result "1-0"]
[WhiteElo "2543"]
[BlackElo "2236"]
[PlyCount "83"]
[EventDate "2022.??.??"]

1. d4 Nf6 2. Bf4 g6 3. Nc3 d5 4. e3 Bg7 5. h4 h6 6. Nf3 Bg4 7. Qd2 c6 8. Ne5
Nbd7 9. f3 Be6 10. g4 Nb6 11. O-O-O Nfd7 12. Qh2 Nxe5 13. Bxe5 Bxe5 14. Qxe5
Rg8 15. g5 Qb8 16. Qxb8+ Rxb8 17. Bd3 hxg5 18. hxg5 Nc8 19. Rh7 Nd6 20. e4 Kd7
21. Rdh1 Rbf8 22. b3 Ne8 23. Na4 b6 24. c4 Nc7 25. Nc3 f6 26. cxd5 cxd5 27.
exd5 Nxd5 28. Bb5+ Kd8 29. Bc4 Nf4 30. d5 Bd7 31. d6 e6 32. Re7 Nh5 33. Ne4 f5
34. Nf6 Nxf6 35. gxf6 Rh8 36. Rxh8 Rxh8 37. f4 b5 38. Be2 Rf8 39. f7 a6 40. Kd2
Bc6 41. Ke3 Bd5 42. Kd4 1-0

[Event "2BLO 2122 SG 1871 Löberitz - Erfurter "]
[Site "?"]
[Date "2022.06.19"]
[Round "8.2"]
[White "Niegsch, Nicolas"]
[Black "Votava, Jan"]
[Result "1/2-1/2"]
[WhiteElo "2292"]
[BlackElo "2479"]
[PlyCount "81"]
[EventDate "2022.??.??"]

1. d4 d5 2. c4 e6 3. Nc3 Be7 4. Nf3 Nf6 5. Bg5 Nbd7 6. e3 O-O 7. h4 c5 8. Qc2
b6 9. cxd5 exd5 10. Rd1 Bb7 11. Bd3 h6 12. Kf1 Re8 13. Bf4 Rc8 14. Qb1 Ne4 15.
Nxe4 dxe4 16. Bxe4 Bxe4 17. Qxe4 Nf6 18. Qb1 Qd5 19. Kg1 cxd4 20. Nxd4 Nh5 21.
Nf5 Qe6 22. Kh2 g6 23. Nd4 Qg4 24. f3 Qxh4+ 25. Kg1 Qf6 26. Bxh6 Bc5 27. Nf5
Qxf5 28. Qxf5 gxf5 29. Rxh5 Rc6 30. Bf4 Bxe3+ 31. Bxe3 Rxe3 32. Rxf5 Re2 33.
Rd8+ Kg7 34. Rd7 Rf6 35. Rxf6 Kxf6 36. Rxa7 Rxb2 37. Kh2 b5 38. Kh3 b4 39. g4
b3 40. Ra6+ Kg7 41. axb3 1/2-1/2

[Event "2BLO 2122 SG 1871 Löberitz - Erfurter "]
[Site "?"]
[Date "2022.06.19"]
[Round "8.3"]
[White "Haba, Petr"]
[Black "Schuetze, Norman"]
[Result "1-0"]
[WhiteElo "2454"]
[BlackElo "2292"]
[PlyCount "65"]
[EventDate "2022.??.??"]

1. e4 e5 2. Nf3 Nc6 3. Bb5 a6 4. Ba4 Nf6 5. O-O Be7 6. Re1 b5 7. Bb3 O-O 8. h3
Bb7 9. d3 d5 10. exd5 Nxd5 11. a4 Bf6 12. Nbd2 h6 13. Ne4 Be7 14. Ng3 Nf4 15.
Nxe5 Nxe5 16. Bxf4 Ng6 17. Bd2 Nh4 18. Qg4 Bxg2 19. Nf5 Nxf5 20. Kxg2 Nh4+ 21.
Kf1 Bg5 22. Bxg5 hxg5 23. Re5 Qf6 24. Qxg5 Qf3 25. Bd5 Qxh3+ 26. Ke2 Rae8 27.
Rg1 Nf5 28. Bxf7+ Kxf7 29. Qg6+ Kg8 30. Rxe8 Nd4+ 31. Kd1 Qf3+ 32. Kc1 Ne2+ 33.
Rxe2 1-0

[Event "2BLO 2122 SG 1871 Löberitz - Erfurter "]
[Site "?"]
[Date "2022.06.19"]
[Round "8.4"]
[White "Post, Hugo"]
[Black "Enders, Peter"]
[Result "0-1"]
[WhiteElo "2184"]
[BlackElo "2420"]
[PlyCount "76"]
[EventDate "2022.??.??"]

1. e4 c5 2. Nf3 e6 3. d4 cxd4 4. Nxd4 Nf6 5. Nc3 d6 6. g4 a6 7. g5 Nfd7 8. Be3
b5 9. a3 Bb7 10. Rg1 Nb6 11. Qg4 N8d7 12. O-O-O Qc7 13. g6 hxg6 14. Nxe6 fxe6
15. Qxe6+ Be7 16. Bxb5 Kf8 17. Rxg6 Rh7 18. Bxd7 Nxd7 19. Bd4 Nf6 20. Qf5 Bd8
21. e5 dxe5 22. Bxe5 Qf7 23. Bxf6 Bxf6 24. Rd7 Be7 25. Qd3 Bh1 26. Rg1 Rxh2 27.
Kb1 Qe6 28. Qg3 Rh7 29. Rd4 Kg8 30. f3 Bc5 31. Re1 Rh3 32. Rxe6 Rxg3 33. Rc4
Bg1 34. Ne2 Rxf3 35. Rh4 Rf1+ 36. Nc1 Bd5 37. Re5 Rd8 38. c4 Bf7 0-1

[Event "2BLO 2122 SG 1871 Löberitz - Erfurter "]
[Site "?"]
[Date "2022.06.19"]
[Round "8.5"]
[White "Mueller, Matthias"]
[Black "Mertens, Fridolin"]
[Result "1/2-1/2"]
[WhiteElo "2387"]
[BlackElo "2113"]
[PlyCount "79"]
[EventDate "2022.??.??"]

1. e4 c6 2. d4 d5 3. Nc3 dxe4 4. Nxe4 Nf6 5. Nxf6+ exf6 6. c3 Bd6 7. Bd3 O-O 8.
Qc2 Re8+ 9. Ne2 h5 10. O-O h4 11. h3 Nd7 12. Be3 Nf8 13. c4 Be6 14. Rad1 Rc8
15. Qd2 Ng6 16. f4 f5 17. Kh1 Qe7 18. Rf3 b5 19. b3 bxc4 20. bxc4 Rb8 21. Qc2
Ba3 22. Bc1 Bxc1 23. Nxc1 Qb4 24. Nb3 Red8 25. Bxf5 Bxf5 26. Qxf5 Qxc4 27. Rc1
Qe2 28. Qa5 Re8 29. f5 Ne7 30. Re1 Qb5 31. Qxb5 cxb5 32. Rfe3 Kf8 33. Nc5 Rbd8
34. Re4 Rd5 35. Rxh4 Red8 36. f6 gxf6 37. Rh8+ Ng8 38. Re3 Kg7 39. Rh4 Nh6 40.
Ra3 1/2-1/2

[Event "2BLO 2122 SG 1871 Löberitz - Erfurter "]
[Site "?"]
[Date "2022.06.19"]
[Round "8.6"]
[White "Boehm, Christian"]
[Black "Weishaeutel, Moritz"]
[Result "0-1"]
[WhiteElo "2078"]
[BlackElo "2407"]
[PlyCount "90"]
[EventDate "2022.??.??"]

1. e4 e5 2. Nf3 Nc6 3. Bb5 Nge7 4. Nc3 Ng6 5. d4 exd4 6. Nxd4 Nxd4 7. Qxd4 c6
8. Bc4 b5 9. Be2 Qb6 10. Be3 Qxd4 11. Bxd4 Nf4 12. Bf3 Ne6 13. Be3 g6 14. O-O-O
Bg7 15. Rhe1 Ke7 16. Nd5+ Kd8 17. Nc3 Kc7 18. Bg4 d6 19. f4 Nxf4 20. Bxf4 Bxg4
21. Rxd6 Bh6 22. Rf6+ Bxf4+ 23. Rxf4 Be6 24. e5 Rad8 25. Ne4 Rd4 26. Rf6 Re8
27. Ng5 Rg4 28. Nxe6+ Rxe6 29. Rxf7+ Kb6 30. g3 h5 31. Rd1 Re4 32. Rdd7 a5 33.
c3 Re1+ 34. Kc2 Re2+ 35. Kc1 Kc5 36. Rf4 R6xe5 37. b4+ axb4 38. cxb4+ Kb6 39.
Rff7 Re8 40. Rg7 Re1+ 41. Rd1 R1e2 42. h4 Rxa2 43. Rxg6 Rf8 44. Rd2 Rf1+ 45.
Rd1 Ra1+ 0-1

[Event "2BLO 2122 SG 1871 Löberitz - Erfurter "]
[Site "?"]
[Date "2022.06.19"]
[Round "8.7"]
[White "Scheftlein, Richard"]
[Black "Proehl, Holger"]
[Result "1/2-1/2"]
[WhiteElo "2268"]
[BlackElo "2328"]
[PlyCount "83"]
[EventDate "2022.??.??"]

1. d4 Nf6 2. c4 e6 3. Nc3 b6 4. e4 Bb4 5. Bd3 Bb7 6. Qc2 c5 7. d5 d6 8. Nf3
Nbd7 9. O-O a6 10. a3 Bxc3 11. Qxc3 O-O 12. Re1 Re8 13. Bf4 e5 14. Bd2 h6 15.
b4 a5 16. bxa5 Rxa5 17. Reb1 Ra6 18. a4 Qc7 19. a5 Rea8 20. Qb2 Bc8 21. axb6
Nxb6 22. Rxa6 Rxa6 23. Qb5 Qb7 24. h3 Bd7 25. Qb2 Qa7 26. Be3 Nc8 27. Qb8 Qxb8
28. Rxb8 Kf8 29. Bxc5 dxc5 30. Nxe5 Ke7 31. Nxd7 Kxd7 32. Rb7+ Ke8 33. Rc7 Nb6
34. e5 Nfd7 35. f4 Kd8 36. Rc6 Ra5 37. Be2 Ra2 38. Kf1 Rc2 39. e6 Nxc4 40. Bxc4
Rxc4 41. Rd6 fxe6 42. dxe6 1/2-1/2

[Event "2BLO 2122 SG 1871 Löberitz - Erfurter "]
[Site "?"]
[Date "2022.06.19"]
[Round "8.8"]
[White "Deutsch, Joey"]
[Black "Casper, Thomas"]
[Result "0-1"]
[WhiteElo "1948"]
[BlackElo "2348"]
[PlyCount "80"]
[EventDate "2022.??.??"]

1. Nf3 Nf6 2. c4 d6 3. d4 Nbd7 4. Nc3 e5 5. e4 g6 6. d5 Nc5 7. Qc2 a5 8. Be3 b6
9. h3 Nh5 10. g4 Nf4 11. O-O-O Bg7 12. Ne2 O-O 13. Ng3 Bd7 14. Ne1 Qb8 15. Nd3
Ba4 16. b3 Bd7 17. Nxf4 exf4 18. Bxf4 b5 19. Be3 bxc4 20. Bxc4 a4 21. Kd2 axb3
22. axb3 Re8 23. Ke2 Bb5 24. Rb1 Ra3 25. Bxc5 dxc5 26. Bxb5 Qxb5+ 27. Qc4 Qxc4+
28. bxc4 Be5 29. Nf1 Bf4 30. f3 Rea8 31. Rb2 Ra2 32. Rxa2 Rxa2+ 33. Kd3 Ra1 34.
Rg1 g5 35. Ke2 Kg7 36. Kd3 Kf6 37. Ke2 Ke5 38. Kd3 Ra3+ 39. Ke2 Ra2+ 40. Kd3
Rf2 0-1

[Event "2BLO 2122 Nickelhütte Aue - SC Erlange"]
[Site "?"]
[Date "2022.07.02"]
[Round "9.2"]
[White "Slobodjan, Roman"]
[Black "Klek, Hanna Marie"]
[Result "1/2-1/2"]
[WhiteElo "2448"]
[BlackElo "2373"]
[PlyCount "103"]
[EventDate "2022.??.??"]

1. e4 e5 2. Bc4 Nf6 3. d4 exd4 4. Nf3 Nc6 5. e5 d5 6. Bb5 Ne4 7. Nxd4 Bd7 8.
Bxc6 bxc6 9. O-O Be7 10. f3 Nc5 11. Be3 O-O 12. Nc3 f6 13. exf6 Rxf6 14. Qd2 h6
15. Bf4 Bd6 16. Bxd6 cxd6 17. Rae1 Qb6 18. Re7 Re8 19. Rxe8+ Bxe8 20. b3 Bg6
21. Nce2 Nd7 22. Nf4 Bf7 23. c3 a5 24. Kh1 Ne5 25. Re1 Qb7 26. Nd3 c5 27. Nxe5
dxe5 28. Nc2 a4 29. Rxe5 axb3 30. axb3 Qxb3 31. h3 Ra6 32. Ne3 Qb1+ 33. Kh2 Ra2
34. Qd1 Qxd1 35. Nxd1 Rd2 36. Ne3 Rd3 37. Nf5 Rxc3 38. Ne7+ Kf8 39. Nxd5 Bxd5
40. Rxd5 Ke7 41. Kg3 Rc2 42. f4 c4 43. Rd4 Ke6 44. Kf3 h5 45. g4 Rc3+ 46. Ke4
Rxh3 47. Rxc4 hxg4 48. f5+ Kd6 49. Kf4 g3 50. Kf3 Ke5 51. Kg2 Rh5 52. Kxg3
1/2-1/2

[Event "2BLO 2122 Nickelhütte Aue - SC Erlange"]
[Site "?"]
[Date "2022.07.02"]
[Round "9.3"]
[White "Mijovic, Stefan"]
[Black "Gaponenko, Inna"]
[Result "0-1"]
[WhiteElo "2399"]
[BlackElo "2331"]
[PlyCount "112"]
[EventDate "2022.??.??"]

1. c4 e6 2. Nf3 Nf6 3. g3 d5 4. b3 Be7 5. Bb2 O-O 6. Bg2 c5 7. cxd5 Nxd5 8. O-O
Nc6 9. d4 cxd4 10. Nxd4 Bd7 11. e4 Ndb4 12. a3 Nxd4 13. Qxd4 e5 14. Qd1 Nc6 15.
Nc3 Bc5 16. b4 Bd4 17. Qe2 Be6 18. Rad1 Qc8 19. Rc1 Qd7 20. Kh1 Rfd8 21. f4 f6
22. b5 Ne7 23. fxe5 fxe5 24. Na4 Rac8 25. Bf3 Rxc1 26. Rxc1 Rc8 27. Rxc8+ Nxc8
28. Bxd4 Qxd4 29. Qc2 Qa1+ 30. Kg2 Qxa3 31. Nc5 Qa2 32. Qxa2 Bxa2 33. Nxb7 Bc4
34. Bg4 Nb6 35. Nd6 Kf8 36. Kf2 g6 37. Be2 Bxe2 38. Kxe2 Ke7 39. Nb7 Nc4 40.
Kd3 Na3 41. Na5 Ke6 42. Nc6 Nxb5 43. Kc4 Nd6+ 44. Kd3 a6 45. h3 Nb7 46. Kc4 Kd6
47. Nb4 Nc5 48. g4 a5 49. Nd5 Nxe4 50. Ne3 Kc6 51. h4 Nd6+ 52. Kc3 Kc5 53. g5
a4 54. Ng4 Nb5+ 55. Kc2 Kb4 56. Nf6 a3 0-1

[Event "2BLO 2122 Nickelhütte Aue - SC Erlange"]
[Site "?"]
[Date "2022.07.02"]
[Round "9.4"]
[White "Londyn, Radek"]
[Black "Schulz, Lukas"]
[Result "0-1"]
[WhiteElo "2395"]
[BlackElo "2276"]
[PlyCount "78"]
[EventDate "2022.??.??"]

1. d4 Nf6 2. Nf3 g6 3. Nbd2 d5 4. b4 a5 5. b5 Bg7 6. Bb2 O-O 7. e3 c5 8. bxc6
Nxc6 9. c4 Bf5 10. Be2 Nb4 11. O-O Rc8 12. Qb3 dxc4 13. Bxc4 Bc2 14. Qa3 Ne8
15. Bc3 Nd6 16. Bxb4 axb4 17. Qxb4 Nxc4 18. Nxc4 Bd3 19. Rfc1 Qd5 20. Nce5 Be4
21. Qb3 Bxe5 22. Nxe5 Bxg2 23. Qxd5 Bxd5 24. Nd7 Rxc1+ 25. Rxc1 Rd8 26. Rc7
Bxa2 27. Rxb7 Bd5 28. Rc7 Ra8 29. h4 Ra1+ 30. Kh2 Rh1+ 31. Kg3 Rg1+ 32. Kf4 Rh1
33. Ke5 Bg2 34. Kf4 Rh3 35. Nc5 Rf3+ 36. Kg5 Kg7 37. Ne6+ fxe6 38. Rxe7+ Rf7
39. Rxe6 Bh3 0-1

[Event "2BLO 2122 Nickelhütte Aue - SC Erlange"]
[Site "?"]
[Date "2022.07.02"]
[Round "9.5"]
[White "Hilverda, Alexander"]
[Black "Eichner, Sebastian"]
[Result "1-0"]
[WhiteElo "2300"]
[BlackElo "2352"]
[PlyCount "119"]
[EventDate "2022.??.??"]

1. d4 Nf6 2. c4 e6 3. g3 d5 4. Nf3 Be7 5. Bg2 O-O 6. O-O dxc4 7. Qc2 a6 8. a4
Bd7 9. Qxc4 Bc6 10. Bg5 Nbd7 11. Nc3 h6 12. Bxf6 Nxf6 13. b4 Bd5 14. Nxd5 exd5
15. Qb3 Ne4 16. b5 Qd6 17. Rfd1 Bf6 18. e3 Rfd8 19. Qc2 Rac8 20. Bh3 Ra8 21.
Rac1 axb5 22. axb5 Qb6 23. Qxc7 Qxb5 24. Bf1 Qb2 25. Rc2 Qb4 26. Ne5 Rf8 27.
Bg2 Bd8 28. Qd7 Qb3 29. Rdc1 Nf6 30. Qf5 Ra2 31. Rxa2 Qxa2 32. Rb1 b6 33. h3
Bc7 34. Nc6 Re8 35. Nb4 Qa5 36. Nxd5 Kf8 37. Qf3 Nxd5 38. Qxd5 Qd2 39. Qc6 Re7
40. Qa8+ Re8 41. Qc6 Qa2 42. Rd1 Qb3 43. Ra1 Bxg3 44. fxg3 Qxe3+ 45. Kh2 Qxd4
46. Ra7 g6 47. Qf3 Re7 48. Ra8+ Re8 49. Ra2 h5 50. Rf2 Re7 51. h4 Kg7 52. Bf1
Kg8 53. Bb5 Rc7 54. Be8 Qg7 55. Qe3 Rc3 56. Qe7 f5 57. Qe6+ Kf8 58. Bxg6 Qc7
59. Rxf5+ Kg7 60. Rf7+ 1-0

[Event "2BLO 2122 Nickelhütte Aue - SC Erlange"]
[Site "?"]
[Date "2022.07.02"]
[Round "9.6"]
[White "Spiess, Gunter"]
[Black "Ott, Florian"]
[Result "1/2-1/2"]
[WhiteElo "2384"]
[BlackElo "2292"]
[PlyCount "48"]
[EventDate "2022.??.??"]

1. Nf3 c5 2. c4 g6 3. d4 cxd4 4. Nxd4 Nc6 5. e4 Nf6 6. Nc3 Nxd4 7. Qxd4 d6 8.
f3 Bg7 9. Be3 O-O 10. Qd2 a5 11. b3 a4 12. b4 Be6 13. Rc1 Nd7 14. Be2 a3 15.
Nb5 Ne5 16. Nd4 Bd7 17. O-O Nc6 18. Bd1 Nxd4 19. Bxd4 Bxd4+ 20. Qxd4 b5 21. Bb3
bxc4 22. Bxc4 Rb8 23. Rc3 Qb6 24. Qxb6 Rxb6 {(=)} 1/2-1/2

[Event "2BLO 2122 Nickelhütte Aue - SC Erlange"]
[Site "?"]
[Date "2022.07.02"]
[Round "9.7"]
[White "Liepold, Stefan"]
[Black "Wichmann, Cliff"]
[Result "0-1"]
[WhiteElo "2176"]
[BlackElo "2314"]
[PlyCount "64"]
[EventDate "2022.??.??"]

1. e4 e6 2. d4 d5 3. Nc3 Nf6 4. e5 Nfd7 5. f4 c5 6. Nce2 Nc6 7. c3 b5 8. a3 b4
9. axb4 cxb4 10. Nf3 Be7 11. g3 a5 12. Bh3 g6 13. O-O Ba6 14. Kh1 Qb6 15. g4 h5
16. f5 hxg4 17. fxe6 Rxh3 18. exd7+ Kxd7 19. Ng5 Bxg5 20. Bxg5 Rah8 21. Bf4
bxc3 22. Nxc3 Nxd4 23. Na4 Qb4 24. Rc1 Be2 25. e6+ Kxe6 26. Nc5+ Qxc5 27. Rxc5
Bxd1 28. Rxd1 Nf3 29. Kg2 d4 30. Rxa5 Rc8 31. Rf1 Rc2+ 32. Rf2 Ne1+ 0-1

[Event "2BLO 2122 Nickelhütte Aue - SC Erlange"]
[Site "?"]
[Date "2022.07.02"]
[Round "9.8"]
[White "Poessel, Christian"]
[Black "Willim, Michael"]
[Result "0-1"]
[WhiteElo "1991"]
[BlackElo "2102"]
[PlyCount "34"]
[EventDate "2022.??.??"]

1. d4 d5 2. c4 c6 3. Nf3 Nf6 4. e3 e6 5. Nbd2 Nbd7 6. Bd3 Bd6 7. O-O O-O 8. Qe2
Re8 9. e4 e5 10. cxd5 cxd5 11. dxe5 Nxe5 12. Bb5 Nxf3+ 13. Nxf3 Rxe4 14. Qd3 a6
15. Ng5 Rb4 16. Bd2 Rxb5 17. Bc3 d4 0-1

[Event "2BLO 2122 SG 1871 Löberitz - SV Deggen"]
[Site "?"]
[Date "2022.07.02"]
[Round "9.2"]
[White "Schuetze, Norman"]
[Black "Sedlak, Nikola"]
[Result "0-1"]
[WhiteElo "2292"]
[BlackElo "2477"]
[PlyCount "58"]
[EventDate "2022.??.??"]

1. e4 e5 2. Nf3 Nc6 3. Bb5 a6 4. Ba4 d6 5. c3 Bd7 6. O-O Nge7 7. d4 Ng6 8. Bb3
Be7 9. a3 O-O 10. Be3 Kh8 11. dxe5 Ncxe5 12. Nxe5 Nxe5 13. Nd2 f5 14. exf5 Bxf5
15. Nc4 Ng6 16. a4 Qe8 17. Qh5 Qd7 18. h3 Nh4 19. Rad1 Qc6 20. f3 Bxh3 21. gxh3
Nxf3+ 22. Rxf3 Rxf3 23. Bf2 Rxf2 24. Kxf2 Rf8+ 25. Ke1 Qg2 26. Qe2 Qg3+ 27. Kd2
Bg5+ 28. Kc2 Rf2 29. Re1 g6 0-1

[Event "2BLO 2122 SG 1871 Löberitz - SV Deggen"]
[Site "?"]
[Date "2022.07.02"]
[Round "9.3"]
[White "Delchev, Aleksander"]
[Black "Schindler, Christian"]
[Result "1-0"]
[WhiteElo "2490"]
[BlackElo "2181"]
[PlyCount "91"]
[EventDate "2022.??.??"]

1. d4 c5 2. d5 Nf6 3. Nc3 d6 4. e4 g6 5. Bb5+ Bd7 6. a4 Bxb5 7. axb5 Bg7 8. Nf3
Nbd7 9. O-O O-O 10. Qe2 Nb6 11. Rd1 Nfd7 12. Bg5 Re8 13. Ra2 Ne5 14. Nd2 h6 15.
Be3 e6 16. dxe6 fxe6 17. Na4 a5 18. Nxb6 Qxb6 19. Nb1 Kh7 20. Nc3 Qc7 21. Raa1
Rad8 22. Rd2 b6 23. Rad1 Rd7 24. Na4 Nf7 25. c4 Ree7 26. b3 Qb7 27. f3 Qc7 28.
Bf2 Bf6 29. f4 Qb7 30. h3 Qc7 31. Qf3 Rd8 32. g3 Bg7 33. Kg2 Bf6 34. Kh2 Qb7
35. Rd3 Qc7 36. R1d2 Qb7 37. Qh1 Bg7 38. e5 Qc7 39. Qc6 Qxc6 40. bxc6 Rc7 41.
Nxb6 Rxc6 42. Na4 Bf8 43. Bxc5 Be7 44. Bb6 Rb8 45. Bxa5 dxe5 46. Rd7 1-0

[Event "2BLO 2122 SG 1871 Löberitz - SV Deggen"]
[Site "?"]
[Date "2022.07.02"]
[Round "9.4"]
[White "Boehm, Christian"]
[Black "Stojanovic, Dalibor"]
[Result "0-1"]
[WhiteElo "2078"]
[BlackElo "2477"]
[PlyCount "116"]
[EventDate "2022.??.??"]

1. Nf3 Nf6 2. g3 g6 3. Bg2 Bg7 4. O-O O-O 5. d3 d6 6. e4 c5 7. c3 Nc6 8. Re1
Rb8 9. d4 cxd4 10. cxd4 Bg4 11. Nc3 Nd7 12. Be3 e5 13. d5 Nd4 14. h3 Bxf3 15.
Bxf3 h5 16. Bg2 Rc8 17. Rc1 Qa5 18. Ne2 Rxc1 19. Qxc1 Nc5 20. Qc3 Nxe2+ 21.
Rxe2 Qxa2 22. Kh2 Rc8 23. Rc2 a5 24. Qd2 Qa4 25. Bxc5 dxc5 26. b3 Qb5 27. Rc1
b6 28. Qe3 Rd8 29. Bf1 Qd7 30. Qd3 Qe7 31. Rc2 h4 32. Qf3 Rd6 33. Bc4 Qe8 34.
Qd3 Bh6 35. Kg2 Kg7 36. Re2 Qe7 37. Qf3 Rd8 38. Re1 Bg5 39. Rd1 Bf6 40. Qd3 Qd6
41. Rf1 Rh8 42. Bb5 Be7 43. Qc3 f5 44. Qd3 Rf8 45. Re1 Qf6 46. exf5 gxf5 47.
Qe3 Bd6 48. f4 e4 49. Rf1 Qd4 50. Qe2 Qc3 51. gxh4 Kh6 52. Kh2 Rg8 53. Qf2 Qxb3
54. Be2 Qb2 55. h5 a4 56. Rg1 Rxg1 57. Kxg1 a3 58. Qg2 Qg7 0-1

[Event "2BLO 2122 SG 1871 Löberitz - SV Deggen"]
[Site "?"]
[Date "2022.07.02"]
[Round "9.5"]
[White "Bogosavljevic, Boban"]
[Black "Deutsch, Joey"]
[Result "1-0"]
[WhiteElo "2522"]
[BlackElo "1948"]
[PlyCount "79"]
[EventDate "2022.??.??"]

1. Nf3 d5 2. g3 Nf6 3. Bg2 Bg4 4. c4 c6 5. Ne5 Be6 6. cxd5 Bxd5 7. Nf3 c5 8.
O-O g6 9. Nc3 Bc6 10. Qb3 Qb6 11. d4 Qxb3 12. axb3 Nbd7 13. dxc5 Nxc5 14. Be3
b6 15. b4 Ncd7 16. Nb5 Bxb5 17. Nd4 Bxe2 18. Nxe2 Rd8 19. Nd4 e6 20. Nc6 Ra8
21. Nxa7 Nd5 22. Nc6 Rc8 23. Bxd5 exd5 24. Rfe1 Rxc6 25. Ra8+ Nb8 26. b5 Rc8
27. Bd4+ Kd7 28. Bxh8 Bb4 29. Bc3 Bd6 30. Ra7+ Rc7 31. Rea1 Ke6 32. Rxc7 Bxc7
33. Bd4 Nd7 34. Rc1 Bd8 35. Rc8 Be7 36. Rc6+ Kf5 37. Bxb6 Ke4 38. Rc7 Bd8 39.
Rxd7 Bxb6 40. Kf1 1-0

[Event "2BLO 2122 SK Passau - Erfurter SK"]
[Site "?"]
[Date "2022.07.02"]
[Round "9.2"]
[White "Schwabeneder, Florian"]
[Black "Mihok, Oliver"]
[Result "0-1"]
[WhiteElo "2435"]
[BlackElo "2543"]
[PlyCount "176"]
[EventDate "2022.??.??"]

1. e4 c5 2. Nf3 e6 3. d4 cxd4 4. Nxd4 Nc6 5. Nc3 Qc7 6. Be3 a6 7. a3 b5 8. Nxc6
Qxc6 9. Be2 Bb7 10. O-O Rc8 11. f4 Bc5 12. Bxc5 Qxc5+ 13. Kh1 Ne7 14. Bd3 d6
15. Qe2 O-O 16. Rae1 e5 17. fxe5 dxe5 18. Qh5 Ng6 19. Ne2 Rc7 20. Qg4 Bc8 21.
Qg3 Be6 22. Qf2 Qc6 23. h3 Rd8 24. Kh2 a5 25. Rd1 Rcd7 26. Nc3 Qb7 27. g3 Rd4
28. Ne2 R4d6 29. Nc3 b4 30. Na4 Qc7 31. axb4 axb4 32. Nc5 Nf8 33. Ra1 Rd4 34.
Nxe6 Nxe6 35. Ra6 Nc5 36. Rc6 Qe7 37. Rxc5 Qxc5 38. Qxf7+ Kh8 39. h4 h6 40. b3
R4d7 41. Qe6 Re7 42. Qg6 Ra7 43. Kh3 Rf8 44. Rf5 Raa8 45. Bc4 Qe7 46. Qc6 Rac8
47. Qa6 Rcd8 48. Qb6 Rxf5 49. exf5 Qd6 50. Qb7 Qd7 51. Qe4 Qd4 52. Qe1 Rb8 53.
Bd3 Re8 54. Be4 Rd8 55. Bd3 Qd5 56. Kh2 Qd4 57. Kh3 Rd7 58. Qh1 Qd5 59. Qe1 Qd4
60. Qe2 Re7 61. Be4 Kg8 62. Qf3 Qd6 63. Bd3 Kf8 64. Qa8+ Re8 65. Qf3 Rd8 66.
Kh2 Qd5 67. Qe2 Rd6 68. Qg4 Qd4 69. Qf3 Ke7 70. Qb7+ Kf6 71. Qa8 Rd8 72. Qc6+
Qd6 73. Qb7 Rb8 74. Qf3 Ke7 75. Qg4 Kf8 76. Qf3 Re8 77. Kh3 Rd8 78. Kh2 Re8 79.
Kh3 Qd4 80. Be4 Qb6 81. Bd3 Rd8 82. Qe4 Qd6 83. Qg4 Qd4 84. Qf3 Qd5 85. Be4 Qd1
86. Qe3 Rd4 87. f6 Qf1+ 88. Kh2 Qxf6 0-1

[Event "2BLO 2122 SK Passau - Erfurter SK"]
[Site "?"]
[Date "2022.07.02"]
[Round "9.3"]
[White "Haba, Petr"]
[Black "Weiss, Christian"]
[Result "1-0"]
[WhiteElo "2454"]
[BlackElo "2378"]
[PlyCount "103"]
[EventDate "2022.??.??"]

1. d4 Nf6 2. c4 e6 3. Nc3 c5 4. Nf3 d5 5. cxd5 Nxd5 6. g3 Nc6 7. Bg2 Nf6 8.
dxc5 Qxd1+ 9. Nxd1 Bxc5 10. a3 Bd7 11. b4 Bd6 12. Bb2 Rc8 13. Ne3 b5 14. O-O a5
15. bxa5 Nxa5 16. Ne5 Bxe5 17. Bxe5 Ke7 18. Rfd1 Rhd8 19. Bd6+ Ke8 20. Bb4 Nc4
21. Nxc4 Rxc4 22. Rd6 Rdc8 23. Bb7 Rc1+ 24. Rxc1 Rxc1+ 25. Kg2 Nd5 26. Bxd5
exd5 27. f3 Bc6 28. g4 Rc4 29. Kg3 d4 30. Kf2 Bd7 31. Ke1 f6 32. Kd2 h5 33.
gxh5 Rc6 34. Rxd4 f5 35. Rd5 Rh6 36. Re5+ Kd8 37. Ba5+ Kc8 38. Rc5+ Kb8 39.
Bc7+ Ka8 40. Bf4 Rxh5 41. Rc7 Be6 42. Rxg7 Bc4 43. Re7 Rh8 44. Re5 Rd8+ 45. Ke3
Rd1 46. Kf2 Ra1 47. Rxf5 Rxa3 48. h4 Kb7 49. h5 Ra8 50. h6 Rh8 51. Rh5 Rh7 52.
Be5 1-0

[Event "2BLO 2122 SK Passau - Erfurter SK"]
[Site "?"]
[Date "2022.07.02"]
[Round "9.4"]
[White "Pflug, Matthias"]
[Black "Enders, Peter"]
[Result "0-1"]
[WhiteElo "2251"]
[BlackElo "2420"]
[PlyCount "64"]
[EventDate "2022.??.??"]

1. e4 c5 2. Nf3 e6 3. d4 cxd4 4. Nxd4 Nf6 5. Nc3 d6 6. Be3 Be7 7. Bc4 a6 8. Bb3
Nc6 9. Qe2 Qc7 10. O-O-O Na5 11. g4 b5 12. g5 Nxb3+ 13. axb3 Nd7 14. f4 b4 15.
Na4 Bb7 16. Qg2 Rc8 17. Kb1 O-O 18. h4 Rfe8 19. h5 Bf8 20. Rhe1 f5 21. gxf6
Nxf6 22. Bc1 Qa5 23. h6 g6 24. Re2 Rc7 25. Rf1 Rf7 26. Rfe1 Qh5 27. Bd2 a5 28.
Nb6 Qc5 29. Nxe6 Rxe6 30. f5 Bxe4 31. Qg5 Qxf5 32. Qxf5 gxf5 0-1

[Event "2BLO 2122 SK Passau - Erfurter SK"]
[Site "?"]
[Date "2022.07.02"]
[Round "9.5"]
[White "Mueller, Matthias"]
[Black "Hellmayr, Alois"]
[Result "1-0"]
[WhiteElo "2387"]
[BlackElo "2219"]
[PlyCount "147"]
[EventDate "2022.??.??"]

1. e4 c5 2. Nf3 a6 3. c4 Nc6 4. d4 cxd4 5. Nxd4 e5 6. Nf5 d6 7. Ne3 g6 8. Bd3
Bh6 9. O-O Nge7 10. Nc3 O-O 11. Bd2 Be6 12. Rc1 Rc8 13. b3 Nd4 14. Nc2 Bxd2 15.
Qxd2 Nec6 16. Nxd4 Nxd4 17. Ne2 Nxe2+ 18. Bxe2 Rc6 19. Rfd1 Qc7 20. h4 Rc8 21.
h5 Qe7 22. h6 Qh4 23. Rc3 b5 24. g3 Qe7 25. Rdc1 b4 26. Rd3 Rb8 27. Rd1 Rbb6
28. Kg2 a5 29. Qe3 Rb8 30. Bf3 a4 31. Qd2 axb3 32. axb3 Rbb6 33. Ra1 Rc8 34.
Ra4 Rcb8 35. Qe3 f6 36. Qe2 Kf7 37. Qc2 Qc7 38. Rd1 Ke7 39. Rda1 Bd7 40. Ra5
Bc6 41. Qe2 Bd7 42. Qe3 Rc6 43. Ra7 Qc8 44. Bg4 Rc7 45. Bxd7 Qxd7 46. Rxc7 Qxc7
47. Ra7 Rb7 48. Ra8 Qc6 49. Rh8 Ke6 50. Qf3 Rf7 51. Qd3 Kd7 52. Rb8 Kc7 53.
Rxb4 f5 54. Qd5 Qxd5 55. cxd5 fxe4 56. Rc4+ Kb7 57. Rxe4 Kb6 58. Rc4 Kb5 59.
Rc6 g5 60. Rxd6 Kc5 61. Rd8 Rf6 62. Rg8 Rxh6 63. Rxg5 Kd4 64. Rg4+ Kxd5 65. Rh4
Rb6 66. Rxh7 Rxb3 67. Re7 e4 68. Re8 Kd4 69. Rf8 Kd3 70. Rf4 Rb8 71. g4 Rg8 72.
Kg3 Rg7 73. Rf5 e3 74. Rf3 1-0

[Event "2BLO 2122 SK Passau - Erfurter SK"]
[Site "?"]
[Date "2022.07.02"]
[Round "9.6"]
[White "Offinger, Robert"]
[Black "Weishaeutel, Moritz"]
[Result "1/2-1/2"]
[WhiteElo "2183"]
[BlackElo "2407"]
[PlyCount "114"]
[EventDate "2022.??.??"]

1. d4 Nf6 2. Bg5 c5 3. Bxf6 gxf6 4. d5 f5 5. c3 Bg7 6. g3 d6 7. Bg2 O-O 8. Nh3
Nd7 9. Nf4 Nf6 10. Nd2 e5 11. dxe6 fxe6 12. e4 fxe4 13. Nxe4 Nxe4 14. Bxe4 d5
15. Bc2 Qg5 16. Qd3 Qh6 17. O-O Bd7 18. Rae1 Rae8 19. Nxd5 exd5 20. Qxd5+ Be6
21. Qxb7 Rb8 22. Qxa7 Bh3 23. Bb3+ Rxb3 24. axb3 Qc6 25. f3 Rxf3 26. Qb8+ Rf8
27. Rxf8+ Bxf8 28. Kf2 Qg2+ 29. Ke3 Qxb2 30. Kd3 Qf2 31. Qe5 Bf1+ 32. Rxf1
Qxf1+ 33. Qe2 Qf7 34. Kc2 Bg7 35. Qe3 Qf5+ 36. Qd3 Qg6 37. Kd2 Qh6+ 38. Kd1
Qh5+ 39. Ke1 Bf6 40. h4 Kg7 41. b4 Qe5+ 42. Kf2 cxb4 43. cxb4 Qb2+ 44. Kf3 Qxb4
45. Qd7+ Kh6 46. Qg4 Qc3+ 47. Kg2 Qc2+ 48. Kh3 Qd3 49. Kg2 Qd2+ 50. Kh3 Qc2 51.
Qg8 Qf5+ 52. Qg4 Qxg4+ 53. Kxg4 Kg6 54. Kh3 Kf5 55. g4+ Kf4 56. g5 Be7 57. h5
Kxg5 1/2-1/2

[Event "2BLO 2122 SK Passau - Erfurter SK"]
[Site "?"]
[Date "2022.07.02"]
[Round "9.7"]
[White "Voekler, Bernd"]
[Black "Schmid, Franz"]
[Result "1/2-1/2"]
[WhiteElo "2342"]
[BlackElo "2087"]
[PlyCount "47"]
[EventDate "2022.??.??"]

1. e4 e5 2. Nf3 Nf6 3. Nxe5 d6 4. Nf3 Nxe4 5. Nc3 Nxc3 6. dxc3 Be7 7. Bf4 O-O
8. Qd2 Nc6 9. O-O-O Bg4 10. Be2 a5 11. a4 Qd7 12. Kb1 Bf6 13. Bg5 Bxg5 14. Qxg5
Rfe8 15. Rhe1 Qf5 16. Qh4 Qg6 17. Qg3 Bf5 18. Qxg6 hxg6 19. h3 Bd7 20. Ng5 Re7
21. Bc4 Rae8 22. Rxe7 Rxe7 23. f4 Nd8 24. b3 1/2-1/2